00689cam a22002411 4500001001300000003000400013005001700017008004100034010001700075035002000092040001800112041001100130042001200141050001800153100002900171245002000200260001600220300003100236500005800267500008800325650001700413999001700430sa 68020047 DLC20260227112721.0900305s1966 ii 000 0 brao  asa 68020047  a(OCoLC)21173901 aDLCcWaUdDLC0 abrahin apremarc00aPK1967.6b.K31 aKaviyā, Śaktidāna.10aKāvya-kusuma. c[1966 or 7] a[4], 2, 23, 111 p.c19 cm. aIn Braj; introductory matter and commentary in Hindi. aIncludes biographical sketches of the Rajasthani poets whose works are represented. 0aBraj poetry. c89223d89223